000 00321nam a22001337a 4500
008 170612b xxu||||| |||| 00| 0 eng d
020 _a0913215066
041 _aeng
080 _a64
100 _a18
101 _aSHH
245 _aFUNDAMENTALISM REVIVALISTS AND VIOLENCE IN SOUTH ASIA
_cBJORKMAN,J.W
942 _2udc
_cBK
999 _c16843
_d16843